Ehdotettuja maiden lippuja - Statistics

Yleistilastot
  • Tätä visaa on pelattu 434 kertaa
  • Keskiarvotulos 14 / 20
Vastaustilastot
Kuvavisa Hint Vastaus % Oikein
(1777) Yhdysvallat
99%
(1870) Ranska
92%
(2008) Belgia
90%
(1992) Australia
89%
(1604) Yhdistynyt kuningaskunta
88%
(1939) Kanada
86%
(1957) Irlanti
85%
(1947) Pakistan
82%
(2015) Uusi-Seelanti
80%
(1821) Meksiko
77%
(1962) Algeria
74%
(1948) Israel
74%
(1919) Viro
69%
(1785) Espanja
64%
(1908) Brasilia
61%
(2019) Myanmar
60%
(1949) Kiina
53%
(2013) Taiwan
46%
(2006) Bolivia
44%
(1949) Malesia
34%
Ehtoja vastaavia visoja ei löytynyt
Tulosjakauma
Jokaisen tuloksen saaneiden osuus
Persentiili vastausten määrän mukaan
Tuloshistoriasi
Et ole pelannut tätä visaa